[Event "Brome-Missisquoi op"]
[Site "Granby CAN"]
[Date "2019.11.24"]
[Round "4.7"]
[White "Turcotte, Jonathan"]
[Black "Bilodeau-Savaria, Carl-William"]
[Result "1/2-1/2"]
[WhiteElo "2068"]
[BlackElo "1601"]
[PlyCount "127"]
[EventDate "2019.11.22"]
[EventType "swiss"]
[EventRounds "5"]
[EventCountry "CAN"]

1. d4 d5 2. c4 e6 3. Nc3 c6 4. e4 dxe4 5. Nxe4 Nf6 6. Nxf6+ Qxf6 7. Nf3 Bb4+ 8.
Bd2 Bxd2+ 9. Qxd2 O-O 10. O-O-O Nd7 11. Qe3 Rb8 12. Bd3 b5 13. c5 Qe7 14. h4 h5
15. Rh3 e5 16. Rg3 f5 17. Rg5 e4 18. Bc2 Nf6 19. Ne5 Ng4 20. Qf4 Nxe5 21. Qxe5
Qxe5 22. dxe5 Re8 23. Bb3+ Be6 24. Rxf5 Bxb3 25. axb3 Rf8 26. Rxh5 Rxf2 27. Rg5
e3 28. Rg3 e2 29. Re1 Re8 30. Re3 Rxg2 31. R1xe2 Rxe2 32. Rxe2 Kf7 33. b4 Ke6
34. Rg2 Kf7 35. Rg5 Re7 36. Kc2 Ke6 37. Kc3 Kd5 38. Rg6 Rc7 39. e6 Re7 40. Kd3
Ke5 41. h5 Kd5 42. Rg5+ Kxe6 43. Rg6+ Kd7 44. Kd4 Kc7 45. b3 Kd7 46. Rg5 Kd8
47. Rg2 Kc8 48. Ra2 Kb8 49. Rf2 Kb7 50. Rf8 Kc7 51. Rh8 Kd7 52. Ra8 Ke6 53. Ke4
Kf6+ 54. Kf4 Rd7 55. Rc8 Rd4+ 56. Ke3 Rxb4 57. Rxc6+ Ke5 58. Rg6 Rxb3+ 59. Kd2
Rh3 60. Rg5+ Ke6 61. c6 Kd6 62. Rc5 Kc7 63. Rxb5 Kxc6 64. Rg5 1/2-1/2

[Event "Brome-Missisquoi op"]
[Site "Granby CAN"]
[Date "2019.11.24"]
[Round "4.8"]
[White "Latorre, Vincent"]
[Black "Bilodeau-Savaria, Sandy-Rose"]
[Result "1-0"]
[WhiteElo "1823"]
[BlackElo "1512"]
[PlyCount "59"]
[EventDate "2019.11.22"]
[EventType "swiss"]
[EventRounds "5"]
[EventCountry "CAN"]

1. e4 c5 2. Nf3 d6 3. d4 cxd4 4. Nxd4 Nf6 5. Nc3 e5 6. Nb3 a6 7. Be3 Be6 8. Nd5
Nbd7 9. f3 Bxd5 10. exd5 Nb6 11. c4 Rc8 12. Rc1 Be7 13. Bd3 O-O 14. O-O Nfd7
15. Qd2 f5 16. Na5 Rc7 17. b4 Qc8 18. Be2 Bf6 19. c5 dxc5 20. d6 Rc6 21. Nxc6
Qxc6 22. bxc5 Na4 23. Bc4+ Kh8 24. Bd5 Qc8 25. Qb4 Naxc5 26. Bxc5 b5 27. Bf2
Qd8 28. Rc7 h6 29. Be6 Nb8 30. Rc8 1-0

[Event "Brome-Missisquoi op"]
[Site "Granby CAN"]
[Date "2019.11.24"]
[Round "4.9"]
[White "Laroche, Hugo"]
[Black "Jiang, Barron Jiyu"]
[Result "1/2-1/2"]
[WhiteElo "1787"]
[BlackElo "1815"]
[PlyCount "99"]
[EventDate "2019.11.22"]
[EventType "swiss"]
[EventRounds "5"]
[EventCountry "CAN"]

1. d4 Nf6 2. Bf4 d5 3. e3 c5 4. Nf3 Nc6 5. c3 Qb6 6. Qb3 c4 7. Qc2 Bf5 8. Qc1
e6 9. Nbd2 Be7 10. Be2 O-O 11. O-O Qd8 12. Bd1 b5 13. Bc2 Bxc2 14. Qxc2 a5 15.
e4 b4 16. Rfe1 a4 17. Qd1 a3 18. Qc1 axb2 19. Qxb2 bxc3 20. Qxc3 Ra3 21. Qc1
Qa5 22. exd5 exd5 23. Rxe7 Nxe7 24. Bd6 Rc3 25. Qe1 Re8 26. Nb1 Nf5 27. Qxc3
Qxc3 28. Nxc3 Nxd6 29. a4 Nde4 30. Nxe4 dxe4 31. Ne1 c3 32. a5 Nd5 33. a6 Kf8
34. a7 Ra8 35. Kf1 Ke7 36. Ke2 Kd7 37. Kd1 Kc7 38. Nc2 Kb7 39. Ne3 Nxe3+ 40.
fxe3 Rxa7 41. Rxa7+ Kxa7 42. Kc2 Kb6 43. Kxc3 f5 44. Kd2 g5 45. g3 Kc6 46. Kc3
Kd5 47. h4 gxh4 48. gxh4 h5 49. Kd2 Kc4 50. Ke2 1/2-1/2

[Event "Brome-Missisquoi op"]
[Site "Granby CAN"]
[Date "2019.12.24"]
[Round "5.2"]
[White "Rodrigue-Lemieux, Shawn"]
[Black "Duong, Thanh Nha"]
[Result "1/2-1/2"]
[WhiteElo "2385"]
[BlackElo "2272"]
[PlyCount "45"]
[EventDate "2019.11.22"]
[EventType "swiss"]
[EventRounds "5"]
[EventCountry "CAN"]

1. c4 e5 2. a3 Nf6 3. d3 c6 4. Nf3 d6 5. g3 g6 6. Bg2 Bg7 7. O-O O-O 8. Nc3 Re8
9. Bg5 h6 10. Bxf6 Bxf6 11. b4 a6 12. Rb1 d5 13. cxd5 cxd5 14. e4 dxe4 15. dxe4
Nc6 16. Qc1 Bg7 17. Rd1 Nd4 18. Nxd4 exd4 19. Nd5 Bg4 20. Rd3 Rc8 21. Qd2 Be6
22. h4 Bxd5 23. exd5 1/2-1/2

[Event "Brome-Missisquoi op"]
[Site "Granby CAN"]
[Date "2019.11.24"]
[Round "5.3"]
[White "Saha, Ananda"]
[Black "Huang, Qiuyu"]
[Result "1-0"]
[WhiteElo "2266"]
[BlackElo "2170"]
[PlyCount "139"]
[EventDate "2019.11.22"]
[EventType "swiss"]
[EventRounds "5"]
[EventCountry "CAN"]

1. d4 d5 2. Bf4 Nf6 3. e3 c5 4. Nf3 Nc6 5. dxc5 e6 6. Be2 Bxc5 7. O-O O-O 8. c4
a6 9. Nbd2 h6 10. h3 Qe7 11. Ne5 Rd8 12. Nxc6 bxc6 13. Qc2 e5 14. Bh2 Bd6 15.
Rac1 Bd7 16. Rfd1 a5 17. a3 Rdb8 18. Nb1 Be6 19. Nc3 Qd7 20. Na4 Qb7 21. c5 Bc7
22. Nb6 Ra7 23. b4 axb4 24. axb4 Re8 25. b5 Re7 26. Rb1 Ne4 27. Nc4 cxb5 28.
Nxe5 b4 29. Rd4 Bf5 30. Rdxb4 Qxb4 31. Rxb4 Ra1+ 32. Rb1 Nc3 33. Rxa1 Bxc2 34.
Ra8+ Kh7 35. Bd3+ Bxd3 36. Nxd3 Bxh2+ 37. Kxh2 Rc7 38. Rd8 g6 39. g4 Kg7 40. h4
Kf6 41. Kg2 Rc6 42. Rd7 Rc8 43. f4 Ke6 44. Rd6+ Ke7 45. Ra6 Ne4 46. c6 Rc7 47.
Ne5 h5 48. g5 Nd6 49. Kh3 Nf5 50. Ra3 Kd6 51. Rd3 Ke6 52. Rb3 Kd6 53. Rd3 Ke6
54. Rb3 Kd6 55. Rb7 Rxb7 56. cxb7 Kc7 57. Nxf7 Kxb7 58. Ne5 Ne7 59. Kg2 Kc7 60.
Kf3 Kd6 61. e4 dxe4+ 62. Kxe4 Kc5 63. Nf3 Kd6 64. Nd4 Nd5 65. f5 Ne7 66. f6 Nc8
67. Ne2 Ke6 68. Nf4+ Kf7 69. Nd3 Nd6+ 70. Kf4 1-0

[Event "Brome-Missisquoi op"]
[Site "Granby CAN"]
[Date "2019.11.24"]
[Round "5.4"]
[White "Beaudry, Marc-Andre"]
[Black "Chabot, Roland"]
[Result "0-1"]
[WhiteElo "1995"]
[BlackElo "2184"]
[PlyCount "62"]
[EventDate "2019.11.22"]
[EventType "swiss"]
[EventRounds "5"]
[EventCountry "CAN"]

1. e4 d6 2. d4 Nf6 3. f3 Nbd7 4. c4 e5 5. d5 Be7 6. Nc3 a5 7. Be3 Nc5 8. Qd2
Nfd7 9. Nh3 h6 10. g3 a4 11. Nf2 Nb6 12. Be2 Bd7 13. f4 Bf6 14. O-O O-O 15.
Rab1 Re8 16. Qc2 Qe7 17. b4 axb3 18. axb3 Ra3 19. Bc1 Raa8 20. Bb2 g6 21. Rfe1
h5 22. Bf3 Bg7 23. h3 h4 24. fxe5 hxg3 25. Ng4 dxe5 26. Nb5 f5 27. exf5 Bxf5
28. Be4 Nxe4 29. Rxe4 Qc5+ 30. Kg2 Nxd5 31. Qe2 Nf4+ 0-1

[Event "Brome-Missisquoi op"]
[Site "Granby CAN"]
[Date "2019.11.24"]
[Round "5.5"]
[White "Trahan, Daniel"]
[Black "Tanaka, Tyler"]
[Result "0-1"]
[WhiteElo "2109"]
[BlackElo "2236"]
[PlyCount "78"]
[EventDate "2019.11.22"]
[EventType "swiss"]
[EventRounds "5"]
[EventCountry "CAN"]

1. d4 Nf6 2. c4 g6 3. Nc3 Bg7 4. e4 d6 5. Nf3 O-O 6. Be2 c6 7. O-O a6 8. a4 a5
9. h3 Na6 10. Be3 Nd7 11. Qd2 Qc7 12. Bh6 e5 13. Bxg7 Kxg7 14. Rad1 Nf6 15. c5
exd4 16. Qxd4 dxc5 17. Qe3 Be6 18. Bxa6 Rxa6 19. Qxc5 Qb6 20. Qxb6 Rxb6 21. Rd2
Rb4 22. Nd4 Bc4 23. Rb1 Re8 24. f3 Bb3 25. Nxb3 Rxb3 26. g4 Re7 27. Rbd1 Ne8
28. Kf2 Nc7 29. Ke3 Nd5+ 30. Kd3 Nxc3 31. bxc3 Ra3 32. Kc2 Rxa4 33. Kb3 b5 34.
Rd6 Rc4 35. R1d4 a4+ 36. Kb2 Rxd4 37. Rxd4 Re5 38. Ka3 g5 39. Kb4 c5+ 0-1

[Event "Brome-Missisquoi op"]
[Site "Granby CAN"]
[Date "2019.11.24"]
[Round "5.6"]
[White "Mok, Yuen Tak"]
[Black "Latorre, Vincent"]
[Result "1/2-1/2"]
[WhiteElo "2077"]
[BlackElo "1823"]
[PlyCount "45"]
[EventDate "2019.11.22"]
[EventType "swiss"]
[EventRounds "5"]
[EventCountry "CAN"]

1. e4 c5 2. c3 d5 3. exd5 Qxd5 4. d4 cxd4 5. cxd4 Nc6 6. Nf3 e5 7. Nc3 Bb4 8.
Bd2 Bxc3 9. Bxc3 e4 10. Ne5 Nxe5 11. dxe5 Ne7 12. Qxd5 Nxd5 13. Bb5+ Bd7 14.
Bxd7+ Kxd7 15. Bd4 Rhd8 16. O-O Nf4 17. Rfe1 Ke6 18. Bc3 Nd5 19. Rxe4 Nxc3 20.
bxc3 Rac8 21. c4 Rd2 22. g3 Rc2 23. Rb1 1/2-1/2

[Event "Brome-Missisquoi op"]
[Site "Granby CAN"]
[Date "2019.11.24"]
[Round "5.7"]
[White "Bilodeau-Savaria, Carl-William"]
[Black "Zhong, Kevin"]
[Result "1/2-1/2"]
[WhiteElo "1601"]
[BlackElo "2227"]
[PlyCount "105"]
[EventDate "2019.11.22"]
[EventType "swiss"]
[EventRounds "5"]
[EventCountry "CAN"]

1. d4 d5 2. c4 e6 3. Nf3 Nf6 4. Nc3 Be7 5. Bg5 h6 6. Bh4 O-O 7. e3 Ne4 8. Bxe7
Qxe7 9. Qc2 Nxc3 10. bxc3 dxc4 11. Bxc4 b6 12. Qe4 c6 13. Ne5 Bb7 14. Bd3 g6
15. h4 Nd7 16. Nxd7 Qxd7 17. h5 f5 18. Qe5 Qd5 19. Qg3 g5 20. c4 Qd7 21. O-O
Qf7 22. Qe5 Qf6 23. Qxf6 Rxf6 24. Rab1 Rff8 25. a4 Ba6 26. Rfd1 c5 27. dxc5
bxc5 28. Be2 Rad8 29. Bf3 Bxc4 30. Rxd8 Rxd8 31. Rc1 Bb3 32. Rxc5 g4 33. Be2
Bxa4 34. Ra5 Be8 35. Rxa7 Bxh5 36. Bc4 Rd6 37. Kh2 Bf7 38. Kg3 Kg7 39. Ra6 Rxa6
40. Bxa6 Kf6 41. Kh4 e5 42. Bb7 h5 43. f4 gxf3 44. Bxf3 e4 45. Be2 Ke5 46. g3
Kd5 47. Kg5 Be6 48. Bxh5 Kc4 49. Kf4 Kd3 50. Be8 Ke2 51. Bc6 Kf2 52. Bxe4 fxe4
53. Kxe4 1/2-1/2

[Event "Brome-Missisquoi op"]
[Site "Granby CAN"]
[Date "2019.11.24"]
[Round "5.8"]
[White "Jiang, Barron Jiyu"]
[Black "Turcotte, Jonathan"]
[Result "0-1"]
[WhiteElo "1815"]
[BlackElo "2068"]
[PlyCount "80"]
[EventDate "2019.11.22"]
[EventType "swiss"]
[EventRounds "5"]
[EventCountry "CAN"]

1. e4 c6 2. d4 d5 3. exd5 cxd5 4. Bd3 Nc6 5. c3 Qc7 6. h3 g6 7. Nf3 Bf5 8. Bxf5
gxf5 9. O-O Nf6 10. Re1 Bg7 11. Nh4 f4 12. Qf3 Bh6 13. Nf5 Bg5 14. Ng7+ Kf8 15.
Nh5 e5 16. Nxf6 Bxf6 17. dxe5 Bxe5 18. Qxd5 Rd8 19. Qf3 Bd6 20. Nd2 Rg8 21. Ne4
Be5 22. b3 Rg6 23. Ba3+ Kg7 24. Rad1 Rg8 25. Kh1 Kh8 26. Rg1 f5 27. Nd2 Qg7 28.
Bb2 b5 29. a4 b4 30. Nc4 Bxc3 31. Bxc3 bxc3 32. Rd6 Nd4 33. Qd5 Rxd6 34. Nxd6
Qf6 35. Nb5 Ne2 36. Re1 c2 37. Qd2 Qc6 38. f3 c1=Q 39. Rxc1 Qxc1+ 40. Qxc1 Nxc1
0-1

[Event "Brome-Missisquoi op"]
[Site "Granby CAN"]
[Date "2019.11.24"]
[Round "5.9"]
[White "Bilodeau-Savaria, Sandy-Rose"]
[Black "Laroche, Hugo"]
[Result "0-1"]
[WhiteElo "1512"]
[BlackElo "1787"]
[PlyCount "109"]
[EventDate "2019.11.22"]
[EventType "swiss"]
[EventRounds "5"]
[EventCountry "CAN"]

1. d4 d5 2. c4 c6 3. Nf3 Bf5 4. Nc3 e6 5. e3 Nf6 6. Bd3 Bxd3 7. Qxd3 Bd6 8. O-O
O-O 9. b3 Nbd7 10. Bb2 a5 11. e4 dxe4 12. Nxe4 Nxe4 13. Qxe4 Nf6 14. Qd3 Be7
15. Rad1 Qc7 16. Ne5 a4 17. Bc3 axb3 18. axb3 Rfd8 19. Qf3 Qb6 20. Rb1 Ra3 21.
b4 Qa7 22. b5 c5 23. dxc5 Bxc5 24. Rbc1 Bb4 25. Rfe1 Bxc3 26. Rxc3 Ra2 27. h3
Rdd2 28. c5 h6 29. Nd3 Nd5 30. Rc4 Ra3 31. Rd4 Qa5 32. b6 Rdxd3 33. Rxd3 Qxe1+
34. Kh2 Rxd3 35. Qxd3 Qb4 36. Qc2 Qb5 37. g3 Nf6 38. Kg2 Qc6+ 39. f3 Nd7 40.
Qd3 Nxc5 41. Qd8+ Kh7 42. Qc7 Nd7 43. Qxc6 bxc6 44. b7 Kg6 45. Kf2 Kf6 46. Ke3
Ke5 47. f4+ Kd6 48. Kd4 Kc7 49. Kc4 Kxb7 50. g4 c5 51. h4 Kc6 52. h5 Kd6 53. g5
f6 54. gxh6 gxh6 55. f5 0-1

[Event "Brome-Missisquoi op U1400"]
[Site "Granby CAN"]
[Date "2019.11.22"]
[Round "1.29"]
[White "Gervais, Marcel"]
[Black "Huneault, Jocelyn"]
[Result "1/2-1/2"]
[WhiteElo "1373"]
[BlackElo "1221"]
[PlyCount "165"]
[EventDate "2019.11.22"]
[EventType "swiss"]
[EventRounds "5"]
[EventCountry "CAN"]

1. d4 g6 2. e4 d6 3. c4 Bg7 4. Nf3 Bg4 5. Nc3 Nc6 6. Be3 Bxf3 7. gxf3 e5 8. Ne2
Qf6 9. Bg2 Nxd4 10. Nc3 c6 11. b4 Ne7 12. b5 O-O 13. Rb1 cxb5 14. Nxb5 Nxb5 15.
Rxb5 Rfb8 16. h4 a6 17. Rb2 Qe6 18. Rc2 f5 19. h5 f4 20. Bc1 b5 21. Bh3 Qf6 22.
hxg6 bxc4 23. gxh7+ Kh8 24. Rxc4 d5 25. Rc7 Rd8 26. Qc2 dxe4 27. fxe4 Rd4 28.
Ba3 Ng6 29. Rc8+ Rxc8 30. Qxc8+ Rd8 31. Qf5 Qc6 32. O-O Rd3 33. Rc1 Rc3 34.
Rxc3 Qxc3 35. Qf7 Qe1+ 36. Bf1 Kxh7 37. Qf5 Qd1 38. Qh3+ Kg8 39. Qc8+ Nf8 40.
Bxf8 Bxf8 41. Qe6+ Kh8 42. Qxe5+ Bg7 43. Qxf4 Qa1 44. Qb8+ Kh7 45. Qb3 Qe1 46.
Qd3 Kh8 47. Kg2 a5 48. Qe3 Qa1 49. Qh3+ Kg8 50. Bc4+ Kf8 51. Qf5+ Bf6 52. Qxa5
Qc1 53. Qc5+ Kg7 54. Qc7+ Kh6 55. Qh2+ Kg7 56. Qg3+ Kf8 57. Qg8+ Ke7 58. Qf7+
Kd6 59. Qe6+ Kc5 60. Qxf6 Kb4 61. Bb3 Qc8 62. Qf5 Qc3 63. Qd5 Qg7+ 64. Kf3 Qc3+
65. Kf4 Qf6+ 66. Qf5 Qh4+ 67. Qg4 Qxf2+ 68. Qf3 Qh4+ 69. Ke3 Qe1+ 70. Qe2 Qg3+
71. Qf3 Qg5+ 72. Qf4 Qg1+ 73. Kf3 Qf1+ 74. Kg4 Qg1+ 75. Kf5 Qc5+ 76. e5+ Ka3
77. Kf6 Qf8+ 78. Kg5 Qd8+ 79. Qf6 Qd2+ 80. Kf5 Qf2+ 81. Ke6 Qb6+ 82. Kf7 Qe3
83. e6 1/2-1/2

[Event "Brome-Missisquoi op U1400"]
[Site "Granby CAN"]
[Date "2019.11.22"]
[Round "1.30"]
[White "Couture, Francois"]
[Black "Laforest, Claude"]
[Result "1-0"]
[WhiteElo "1217"]
[BlackElo "1360"]
[PlyCount "77"]
[EventDate "2019.11.22"]
[EventType "swiss"]
[EventRounds "5"]
[EventCountry "CAN"]

1. d4 d5 2. c4 e6 3. Nf3 Nf6 4. a3 dxc4 5. Nc3 c5 6. e4 cxd4 7. Qxd4 Qxd4 8.
Nxd4 a6 9. Bxc4 Bd7 10. O-O Nc6 11. Be3 Be7 12. Rad1 O-O 13. Nf3 Rad8 14. Bb6
Rc8 15. e5 Nd5 16. Nxd5 exd5 17. Bxd5 Bf5 18. Rfe1 Nd8 19. Nd4 Bg6 20. e6 f5
21. Rc1 Ra8 22. Bc5 Re8 23. Bb6 Kf8 24. Rc3 Bd6 25. h4 h6 26. Bc5 Ke7 27. Bxd6+
Kxd6 28. Bb3 Ra7 29. Rc8 b5 30. e7 Raxe7 31. Rxe7 Kxe7 32. Rc7+ Kf8 33. Ra7 Re4
34. Nf3 Bh5 35. Rxa6 Bxf3 36. gxf3 Re2 37. Rb6 Rxb2 38. Rxb5 Ke7 39. a4 1-0

[Event "Brome-Missisquoi op U1400"]
[Site "Granby CAN"]
[Date "2019.11.22"]
[Round "1.31"]
[White "Verreault, Etienne"]
[Black "Arcand, Pierre"]
[Result "1-0"]
[WhiteElo "1354"]
[BlackElo "1191"]
[PlyCount "71"]
[EventDate "2019.11.22"]
[EventType "swiss"]
[EventRounds "5"]
[EventCountry "CAN"]

1. e4 e5 2. Nf3 Nc6 3. Bb5 d6 4. Nc3 Nf6 5. h3 Be7 6. O-O O-O 7. d4 exd4 8.
Nxd4 Nxd4 9. Qxd4 c5 10. Qd3 Nd7 11. Bxd7 Bxd7 12. Bf4 Be6 13. Rad1 Qb6 14. Qb5
Qc7 15. Nd5 Bxd5 16. Rxd5 a6 17. Qd3 Rad8 18. Rd1 c4 19. Qd2 b5 20. Bxd6 Rxd6
21. Rxd6 Bxd6 22. Qxd6 Qxd6 23. Rxd6 Ra8 24. e5 Kf8 25. f4 Ke7 26. Kf2 f6 27.
Ke3 f5 28. Kd4 Ra7 29. Kc5 Rc7+ 30. Kb6 Rd7 31. Rxd7+ Kxd7 32. Kxa6 Kc6 33. e6
Kd6 34. Kxb5 Kxe6 35. a4 Kd5 36. a5 1-0

[Event "Brome-Missisquoi op U1400"]
[Site "Granby CAN"]
[Date "2019.11.22"]
[Round "1.32"]
[White "Perron, Bernard"]
[Black "Rebhi, Mohamed"]
[Result "0-1"]
[WhiteElo "1152"]
[BlackElo "1349"]
[PlyCount "158"]
[EventDate "2019.11.22"]
[EventType "swiss"]
[EventRounds "5"]
[EventCountry "CAN"]

1. e4 d5 2. exd5 Nf6 3. c4 c6 4. Nc3 cxd5 5. d4 Nc6 6. Nf3 Bg4 7. h3 Bh5 8. Be2
e6 9. O-O Bb4 10. Ne5 Bxe2 11. Nxe2 O-O 12. a3 Bd6 13. f4 Ne4 14. Nxc6 bxc6 15.
c5 Be7 16. Qd3 Bf6 17. Nc3 Nxc3 18. Qxc3 Qc7 19. Bd2 Rfb8 20. Rab1 a5 21. b4
axb4 22. Rxb4 Rxb4 23. axb4 Qb7 24. Ra1 Rxa1+ 25. Qxa1 h6 26. Kh2 Qb5 27. Be3
Kh7 28. Qa5 Qd3 29. Bg1 Bxd4 30. Bxd4 Qxd4 31. Qc7 Qxb4 32. Qxf7 Qxc5 33. Qxe6
d4 34. Qe4+ g6 35. Qe8 Kg7 36. Qd7+ Kf8 37. Qd8+ Kf7 38. Qd7+ Kf6 39. Qd8+ Kf5
40. Qh4 Ke4 41. f5+ Kxf5 42. Qg4+ Kf6 43. Qf4+ Ke6 44. Qf3 Qe5+ 45. g3 Kd6 46.
Qf8+ Kd5 47. Qf7+ Kc5 48. Qa7+ Kc4 49. Qa6+ Kd5 50. Qa2+ Kd6 51. Qf2 c5 52.
Qf8+ Kd5 53. Qf7+ Qe6 54. Qf3+ Kc4 55. Qf1+ d3 56. Qc1+ Kd4 57. Qb2+ Kd5 58.
Qb7+ Qc6 59. Qf7+ Kd4 60. Qf4+ Qe4 61. Qf6+ Ke3 62. Qc3 Kf3 63. Qf6+ Ke2 64.
Qa6 c4 65. Qa2+ d2 66. h4 Ke1 67. Qa5 h5 68. Qc3 Qe2+ 69. Kh3 Kf1 70. Qf6+ Ke1
71. Qb2 Qf1+ 72. Kh2 Qf2+ 73. Kh3 Qe2 74. Qb4 Qd3 75. Qc5 Kd1 76. Qg1+ Kc2 77.
Qf2 Qe4 78. Kh2 c3 79. Kh3 Qh1+ 0-1

[Event "Brome-Missisquoi op U1400"]
[Site "Granby CAN"]
[Date "2019.11.22"]
[Round "1.33"]
[White "Menard, Marc"]
[Black "Godbout, Remi"]
[Result "1-0"]
[WhiteElo "1346"]
[BlackElo "1096"]
[PlyCount "51"]
[EventDate "2019.11.22"]
[EventType "swiss"]
[EventRounds "5"]
[EventCountry "CAN"]

1. e4 d5 2. exd5 Qxd5 3. Nc3 Qa5 4. d4 Nf6 5. Bd2 c6 6. Bd3 g6 7. Nf3 Bf5 8.
Ne4 Qc7 9. Nxf6+ exf6 10. Bxf5 gxf5 11. Qe2+ Be7 12. Bb4 Rg8 13. Nh4 Rg4 14.
Nxf5 c5 15. Bxc5 Nc6 16. Qxg4 O-O-O 17. Nxe7+ Kb8 18. Nxc6+ Qxc6 19. Qf4+ Ka8
20. O-O Rg8 21. f3 b6 22. Qd6 Qe8 23. Qd5+ Kb8 24. Bd6+ Kc8 25. Rfe1 Qd7 26.
Qa8# 1-0

[Event "Brome-Missisquoi op U1400"]
[Site "Granby CAN"]
[Date "2019.11.22"]
[Round "1.34"]
[White "Giasson, Coralie"]
[Black "Godbout, Julien"]
[Result "0-1"]
[WhiteElo "1054"]
[BlackElo "1329"]
[PlyCount "82"]
[EventDate "2019.11.22"]
[EventType "swiss"]
[EventRounds "5"]
[EventCountry "CAN"]

1. e4 e6 2. Nf3 d5 3. d3 dxe4 4. dxe4 Qxd1+ 5. Kxd1 Nf6 6. Nc3 Bb4 7. e5 Ng4 8.
Ke1 Bc5 9. Ne4 Be7 10. h3 f5 11. Nc3 Nh6 12. Bc4 Nf7 13. Ke2 Nc6 14. Bb5 Bd7
15. Bxc6 Bxc6 16. Re1 O-O-O 17. Kf1 g5 18. Nh2 h5 19. g3 g4 20. h4 Bb4 21. Bf4
Bxc3 22. bxc3 Be4 23. Re2 Rd5 24. Kg1 Nxe5 25. Bxe5 Rxe5 26. f3 gxf3 27. Nxf3
Rg8 28. Ng5 c5 29. Kh2 b5 30. Rb1 a6 31. a3 Rg7 32. c4 bxc4 33. Rb6 a5 34. Nxe6
Rg6 35. Rc6+ Kd7 36. Nf8+ Kxc6 37. Nxg6 Re8 38. Nf4 Rb8 39. c3 Rb3 40. Nxh5 Rb1
41. Nf6 Rh1# 0-1

[Event "Brome-Missisquoi op U1400"]
[Site "Granby CAN"]
[Date "2019.11.22"]
[Round "1.35"]
[White "Frechette, Rejean"]
[Black "Pepin, Pierre-Luc"]
[Result "1-0"]
[WhiteElo "1307"]
[BlackElo "1008"]
[PlyCount "137"]
[EventDate "2019.11.22"]
[EventType "swiss"]
[EventRounds "5"]
[EventCountry "CAN"]

1. d4 d5 2. c4 Nf6 3. Nc3 e6 4. e3 a6 5. Bd3 Bd6 6. Nf3 O-O 7. O-O c5 8. Re1
Nc6 9. a3 Na5 10. cxd5 Nxd5 11. Nxd5 exd5 12. Bd2 Qb6 13. Bxa5 Qxa5 14. Rb1
cxd4 15. exd4 Bd7 16. Rc1 f6 17. Rc3 Rae8 18. Rxe8 Rxe8 19. Be2 Qd8 20. Re3
Rxe3 21. fxe3 Qe8 22. Qb3 Bc6 23. Kf2 b5 24. Bd3 g5 25. Qc2 Qd8 26. Bf5 Qc7 27.
Be6+ Kg7 28. g3 Bb7 29. Qxc7+ Bxc7 30. Ne1 Kf8 31. Nd3 a5 32. Nc5 Bc6 33. Kf3
Ke7 34. Bf5 h6 35. Kg4 Be8 36. Be6 Bf7 37. Kf5 Bd6 38. Bxf7 Kxf7 39. a4 Bxc5
40. dxc5 bxa4 41. h4 Ke7 42. h5 Kd7 43. Kg6 Kc6 44. Kxh6 Kxc5 45. Kg6 Kc4 46.
h6 Kb3 47. h7 Kxb2 48. h8=Q a3 49. Qxf6+ Kb1 50. Qf5+ Kb2 51. Qf2+ Kb1 52. Qe1+
Kb2 53. Qd2+ Kb1 54. Qxa5 a2 55. Kxg5 a1=Q 56. Qxa1+ Kxa1 57. Kf5 Kb2 58. Ke5
Kc3 59. g4 Kc4 60. g5 Kd3 61. Kxd5 Kxe3 62. g6 Kf4 63. g7 Kf5 64. g8=Q Kf6 65.
Qg4 Ke7 66. Qg6 Kf8 67. Qh7 Ke8 68. Kd6 Kd8 69. Qd7# 1-0

[Event "Brome-Missisquoi op U1400"]
[Site "Granby CAN"]
[Date "2019.11.22"]
[Round "1.36"]
[White "Larocque, Pierre"]
[Black "Breton, Jules"]
[Result "0-1"]
[WhiteElo "995"]
[BlackElo "1292"]
[PlyCount "72"]
[EventDate "2019.11.22"]
[EventType "swiss"]
[EventRounds "5"]
[EventCountry "CAN"]

1. e4 c5 2. Nf3 Nc6 3. Bc4 e6 4. O-O d5 5. exd5 exd5 6. Re1+ Be6 7. Be2 h6 8.
d4 Nf6 9. Nc3 a6 10. Bf4 Be7 11. h3 O-O 12. b3 Rc8 13. a3 Re8 14. Na2 Bf5 15.
c3 Qb6 16. Be3 Qa7 17. dxc5 Bxc5 18. Bxc5 Qxc5 19. b4 Qd6 20. Nd4 Bh7 21. Nxc6
Qxc6 22. Rc1 Qd7 23. f3 Nh5 24. g4 Nf4 25. Kh2 Qd6 26. Kh1 Nxh3 27. Bf1 Nf2+
28. Kg2 Nxd1 29. Rexd1 b5 30. c4 Qf6 31. c5 Qb2+ 32. Kg3 Qxa2 33. Bh3 g5 34. c6
Re7 35. Re1 Rxe1 36. Rxe1 Rxc6 0-1

[Event "Brome-Missisquoi op U1400"]
[Site "Granby CAN"]
[Date "2019.11.22"]
[Round "1.37"]
[White "Gougeon, Patrick"]
[Black "Savard, Alain"]
[Result "1-0"]
[WhiteElo "1285"]
[BlackElo "927"]
[PlyCount "85"]
[EventDate "2019.11.22"]
[EventType "swiss"]
[EventRounds "5"]
[EventCountry "CAN"]

1. f4 d5 2. Nf3 Bf5 3. d3 e6 4. g3 Nf6 5. Bg2 Bd6 6. O-O h6 7. Qe1 Qe7 8. Na3
a6 9. c3 c6 10. Nc2 Nbd7 11. b4 Rd8 12. Nh4 Bh7 13. a4 e5 14. f5 O-O 15. e4
Rfe8 16. Rb1 Nb8 17. Rb3 Bc7 18. a5 d4 19. c4 b5 20. axb6 Bxb6 21. c5 Ba7 22.
Na3 Nbd7 23. Nc4 Bb8 24. Na5 Rc8 25. Qd1 Rc7 26. Nc4 Ra7 27. g4 g5 28. fxg6
fxg6 29. Bxh6 Qe6 30. h3 Kh8 31. Nf3 Qe7 32. Bg5 Qg7 33. Qc1 Bc7 34. Nd6 Bxd6
35. cxd6 Nf8 36. Qc5 Rc8 37. Nxe5 Ne6 38. Qc1 Nxg5 39. Qxg5 Nd7 40. Nf7+ Kg8
41. Nh6+ Kh8 42. Rf7 Qg8 43. Nxg8 1-0

[Event "Brome-Missisquoi op U1400"]
[Site "Granby CAN"]
[Date "2019.11.22"]
[Round "1.38"]
[White "Loevenich, Anna"]
[Black "Liboiron, Alain"]
[Result "0-1"]
[WhiteElo "877"]
[BlackElo "1244"]
[PlyCount "68"]
[EventDate "2019.11.22"]
[EventType "swiss"]
[EventRounds "5"]
[EventCountry "CAN"]

1. e4 Nf6 2. Nc3 d5 3. Qf3 Bg4 4. Qd3 dxe4 5. Nxe4 Nc6 6. Nf3 Qxd3 7. Bxd3 Bxf3
8. gxf3 Nd4 9. Nxf6+ exf6 10. f4 Nf3+ 11. Ke2 Nd4+ 12. Kd1 O-O-O 13. Bc4 Rd7
14. d3 Bd6 15. Be3 Nc6 16. c3 a6 17. a3 Na5 18. Kc2 Nxc4 19. dxc4 f5 20. Rad1
c5 21. b4 b6 22. b5 a5 23. a4 Re8 24. Rd5 g6 25. Rhd1 Kc7 26. f3 Rxe3 27. R1d3
Rxd3 28. Kxd3 Bxf4 29. h3 Rxd5+ 30. cxd5 Kd6 31. Kc4 g5 32. Kd3 Kxd5 33. c4+
Ke5 34. Ke2 Kd4 0-1

[Event "Brome-Missisquoi op U1400"]
[Site "Granby CAN"]
[Date "2019.11.23"]
[Round "2.43"]
[White "Savard, Alain"]
[Black "Perron, Bernard"]
[Result "1-0"]
[WhiteElo "927"]
[BlackElo "1152"]
[PlyCount "85"]
[EventDate "2019.11.22"]
[EventType "swiss"]
[EventRounds "5"]
[EventCountry "CAN"]

1. d4 d5 2. Bf4 Nf6 3. e3 Bf5 4. h3 e6 5. Nf3 h6 6. c3 Nbd7 7. Bd3 Be4 8. Bc2
Be7 9. Nbd2 c6 10. Qb1 Bh7 11. O-O Bxc2 12. Qxc2 O-O 13. e4 Nh5 14. Bh2 f5 15.
e5 Bg5 16. Rfe1 Bf4 17. Nf1 Qe8 18. Ng3 Qg6 19. Nxh5 Bxh2+ 20. Kxh2 Qxh5 21.
Qe2 g5 22. Qf1 g4 23. Ng1 f4 24. f3 g3+ 25. Kh1 Rf5 26. Ne2 Raf8 27. a4 R8f7
28. b4 Nb6 29. Reb1 Nc4 30. Qc1 Rg7 31. b5 Qxh3+ 32. gxh3 g2+ 33. Kg1 Ne3 34.
Nxf4 Nf1 35. bxc6 Ng3 36. Ra2 b6 37. Rxg2 Rxf4 38. Qxf4 Ne2+ 39. Kf2 Rxg2+ 40.
Kxg2 Nxf4+ 41. Kh2 Ng6 42. Rg1 Kf7 43. Rxg6 1-0

[Event "Brome-Missisquoi op U1400"]
[Site "Granby CAN"]
[Date "2019.11.23"]
[Round "3.29"]
[White "Frechette, Rejean"]
[Black "Rebhi, Mohamed"]
[Result "1/2-1/2"]
[WhiteElo "1307"]
[BlackElo "1349"]
[PlyCount "92"]
[EventDate "2019.11.22"]
[EventType "swiss"]
[EventRounds "5"]
[EventCountry "CAN"]

1. d4 d5 2. c4 Nc6 3. e3 Nf6 4. Nc3 Bf5 5. a3 e6 6. Nf3 Be7 7. Bd3 Ne4 8. O-O
Bg6 9. cxd5 exd5 10. Ne1 f5 11. Ne2 Qd7 12. Nf4 Bf7 13. Bb5 g5 14. Nfd3 O-O-O
15. Ne5 Qe6 16. Nxf7 Qxf7 17. Nd3 Nb8 18. Ne5 Qe6 19. Qa4 Bf6 20. Nf3 g4 21.
Nd2 a6 22. Bd3 h5 23. Bxe4 fxe4 24. Nb3 Be7 25. Bd2 h4 26. Bb4 Nd7 27. Bxe7
Qxe7 28. Qa5 Nb6 29. Qc3 Nc4 30. Nd2 Nxd2 31. Qxd2 Rd6 32. Rac1 Rhh6 33. Rc5 b6
34. Rc2 Kb7 35. b4 Rc6 36. Rfc1 Qd7 37. Rc3 Rxc3 38. Rxc3 Rc6 39. Qc2 Rxc3 40.
Qxc3 Qc6 41. Qxc6+ Kxc6 42. a4 Kd6 43. Kf1 c5 44. b5 a5 45. Ke2 c4 46. Kd2 Ke6
1/2-1/2